| 000 | 00422nam a2200169 a 4500 | ||
|---|---|---|---|
| 001 | 6315 | ||
| 003 | CO-ViMGA | ||
| 008 | 141112s2004 ck r 000 u spa d | ||
| 040 |
_aCO-ViMGA _bspa _cCO-ViMGA |
||
| 082 | 0 | 4 | _a813.54 S435e |
| 100 | 1 |
_aSheldon, Sidney _95020 |
|
| 245 | 1 | 0 | _aEl estrangulador |
| 260 |
_aBuenos Aires : _bEmece, _c1994 |
||
| 300 | _a148 p | ||
| 650 | 1 | 4 |
_aNOVELA ESTADOUNIDENSE _9761 |
| 942 |
_2ddc _cBK |
||
| 999 |
_c18286 _d18286 |
||